000 00453cam a22001337a 4500
008 180718b1987 xxu||||| |||| 00| 0 eng d
082 _aT2196 In8s/1987
245 _aSmall enterprise development: policies and programme
_cedited by Philip A. Neck and Robert E. Nelson
260 _aGeneva
_bInternational Labour Office
_c1987
300 _a282+p
440 _aManagement Development Series, 14
700 _aNelson, Robert E.
700 _aNeck, Philip A.
999 _c497609
_d497609